|
|
|
|
| LEADER |
01384nam a2200421 4500 |
| 001 |
000005110 |
| 003 |
1253 |
| 005 |
20120411090418.0 |
| 008 |
110809s2008 viesd |
| 020 |
|
|
|c 61500đ
|
| 041 |
0 |
|
|a vie
|
| 082 |
|
|
|a 891.4
|b HAI
|
| 245 |
|
0 |
|a 20 truyện ngắn đặc sắc Ấn Độ
|c Kơrisan Senta, Rabinbranat Tagor, R. K. Narayan... ; Nhật Chi tuyển ; Dịch: Lưu Đức Trung..
|
| 260 |
|
|
|a H.
|b Thanh niên
|c 2008
|
| 300 |
|
|
|a 357 tr.
|c 21cm.
|
| 653 |
|
|
|a Văn học hiện đại
|
| 653 |
|
|
|a Ấn Độ
|
| 653 |
|
|
|a Truyện ngắn
|
| 700 |
|
|
|a Kơrisan Senta
|
| 700 |
|
|
|a Nhật Chi
|e Tuyển
|
| 700 |
|
|
|a Nguyên Tâm
|e Dịch
|
| 700 |
|
|
|a Hoàng Cường
|e Dịch
|
| 700 |
|
|
|a Lưu Đức Trung
|e Dịch
|
| 700 |
|
|
|a Amrita Pritam
|
| 700 |
|
|
|a Rabinbranat Tagor
|
| 700 |
|
|
|a Đumkêtu
|
| 700 |
|
|
|a R. K. Narayan
|
| 910 |
|
|
|a Huỳnh Thị Cẩm Lai
|d 09/08/2011
|
| OWN |
|
|
|a LSP
|
| AVA |
|
|
|a UDN50
|b LSP
|d 891.4 HAI
|e available
|t Error 5001 Not defined in file expand_doc_bib_avail.
|f 2
|g 0
|h N
|i 0
|k 1
|
| 999 |
|
|
|a From the UDN01
|
| AVA |
|
|
|a UDN50
|b LSP
|d 891.4 HAI
|e available
|t Error 5001 Not defined in file expand_doc_bib_avail.
|f 2
|g 0
|h N
|i 0
|k 1
|
| TYP |
|
|
|a Monograph
|
| TYP |
|
|
|a Printed language
|
| 980 |
|
|
|a Mạng thư viện Đại học Đà Nẵng
|